00636nam a2200193Ia 4500008004100000082001400041100002200055245003700077250000800114260002500122300001000147500002400157650001200181700001500193942000700208952010500215952010500320999001700425230524s9999 xx 000 0 und d a5.13bKER aBrain W.Kernighan 4aThe Unix Programming Environment a1ST aNEW DELHIbPHIc2001 aX;357 aQuantity Number: 2 aComp-Sc a Rob Pike cBK 00104070aTATCLbTATCLcGENd2023-05-24l0o005.13 KERp1790r2023-05-24w2023-05-24yBKzCPEC5305 00104070aTATCLbTATCLcGENd2023-05-24l0o005.13 KERp1791r2023-05-24w2023-05-24yBKzCPEC5305 c25773d25773